A practical guide for supervisory training and development. (2nd ed.) (Record no. 76982)

MARC details
000 -LEADER
fixed length control field 00857nam a2200193 a 4500
008 - FIXED-LENGTH DATA ELEMENTS--GENERAL INFORMATION
fixed length control field 120416s1983 ||||||||||||||||| || u
020 ## - INTERNATIONAL STANDARD BOOK NUMBER
International Standard Book Number 0201134357
050 ## - LIBRARY OF CONGRESS CALL NUMBER
Classification number HF 5549.5.T7 Kir
100 ## - MAIN ENTRY--PERSONAL NAME
Personal name Kirkpatrick, Donald L
245 12 - TITLE STATEMENT
Title A practical guide for supervisory training and development. (2nd ed.)
250 ## - EDITION STATEMENT
Edition statement 2nd ed.
260 ## - PUBLICATION, DISTRIBUTION, ETC.
Place of publication, distribution, etc. London:
Name of publisher, distributor, etc. Addison-Wesley
Date of publication, distribution, etc. 1983
300 ## - PHYSICAL DESCRIPTION
Extent viii, 232p.: ill.
350 ## -
-- 0.00
650 ## - SUBJECT ADDED ENTRY--TOPICAL TERM
Topical term or geographic name entry element APPLICATIONS FOR EMPLOYMENT
650 ## - SUBJECT ADDED ENTRY--TOPICAL TERM
Topical term or geographic name entry element SUPERVISION OF EMPLOEES--STUDY AND TEACHING
995 ## -
-- MAIN LIBRARY OPEN ACCESS
-- 0.00
-- 721759
-- CBU-MAIN LIBRARY (Kitwe)
-- 1
-- 11.95
-- HF 5549.5.T7 Kir
-- 2
-- AVAILABLE
-- 005397
-- Main Library Open Access Collection
995 ## -
-- MAIN LIBRARY OPEN ACCESS
-- 0.00
-- 719198
-- CBU-MAIN LIBRARY (Kitwe)
-- 2
-- 11.95
-- HF 5549.5.T7 Kir
-- 1
-- AVAILABLE
-- 005396
-- Main Library Open Access Collection
999 ## -
-- 76982
-- 76982
Holdings
Withdrawn status Lost status Source of classification or shelving scheme Damaged status Not for loan Permanent Location Current Location Shelving location Date acquired Total Checkouts Full call number Barcode Date last seen Copy number Price effective from Koha item type
          CBU-MAIN LIBRARY, KITWE. CBU-MAIN LIBRARY, KITWE.   04/25/2023   HF 5549.5.T7 Kir 005397 04/25/2023 1 04/25/2023 MONOGRAPH
          CBU-MAIN LIBRARY, KITWE. CBU-MAIN LIBRARY, KITWE.   04/25/2023   HF 5549.5.T7 Kir 005396 04/25/2023 2 04/25/2023 MONOGRAPH